Normal view MARC view
  • Communication for Results

Entry Topical Term

Number of records used in: 2

001 - CONTROL NUMBER

  • control field: 1237

003 - CONTROL NUMBER IDENTIFIER

  • control field: NUST

005 - DATE AND TIME OF LATEST TRANSACTION

  • control field: 20170519132622.0

008 - FIXED-LENGTH DATA ELEMENTS

  • fixed length control field: 170519|| aca||aabn | a|a d

040 ## - CATALOGING SOURCE

  • Original cataloging agency: NUST
  • Transcribing agency: NUST

150 ## - HEADING--TOPICAL TERM

  • Topical term or geographic name entry element: Communication for Results

670 ## - SOURCE DATA FOUND

  • Source citation: Work cat.: (NUST)24636: Cheryl Hemilton 1235, Communicating for Results Guide for Business , c2008.
© 2023 Central Library, National University of Sciences and Technology. All Rights Reserved.